10 công việc chuyên viên trong quản lý hành chính nhà nước sách phục vụ đào tạo, bồi dưỡng cán bộ, công chức

Nội dung trình bày: Công việc chuyên viên là một loại lao động nghề nghiệp; Tiếp nhận và tổ chức thi hành quyết định của cơ quan quản lý cấp trên; Tiếp nhận và xử lý kiến nghị của cơ quan quản lý cấp dưới; Ra quyết định quản lý nhà nư...

Description complète

Enregistré dans:
Détails bibliographiques
Auteur principal: Đinh, Văn Mậu
Autres auteurs: Đặng, Ngọc Lâm
Format: Livre
Langue:Undetermined
Publié: H. Khoa học - Kỹ Thuật 2012
Sujets:
Accès en ligne:http://lrc.tdmu.edu.vn/opac/search/detail.asp?aID=2&ID=20077
Tags: Ajouter un tag
Pas de tags, Soyez le premier à ajouter un tag!
Thư viện lưu trữ: Trung tâm Học liệu Trường Đại học Thủ Dầu Một
LEADER 01318nam a2200229Ia 4500
001 TDMU_20077
008 210410s9999 xx 000 0 und d
082 |a 352.6009597 
090 |b Đ312 
100 |a Đinh, Văn Mậu 
245 0 |a 10 công việc chuyên viên trong quản lý hành chính nhà nước 
245 0 |b sách phục vụ đào tạo, bồi dưỡng cán bộ, công chức 
245 0 |c Đinh Văn Mậu (ch.b);Đặng Ngọc Lâm (b.s) 
260 |a H. 
260 |b Khoa học - Kỹ Thuật 
260 |c 2012 
300 |a 143tr. 
520 |a Nội dung trình bày: Công việc chuyên viên là một loại lao động nghề nghiệp; Tiếp nhận và tổ chức thi hành quyết định của cơ quan quản lý cấp trên; Tiếp nhận và xử lý kiến nghị của cơ quan quản lý cấp dưới; Ra quyết định quản lý nhà nước... 
650 |a Quản lý hành chánh nhà nước  |z Việt Nam; Kỹ năng hành chính  |x Đào tạo nhân sự  |x Chuyên viên 
700 |a Đặng, Ngọc Lâm 
856 |u http://lrc.tdmu.edu.vn/opac/search/detail.asp?aID=2&ID=20077 
980 |a Trung tâm Học liệu Trường Đại học Thủ Dầu Một